000 00736nam a2200229Ii 4500
003 JO-AjNU
008 230605s9999||||xx |||||||||||||| ||und||
017 _a2009/3/1118
020 _a978-9957-70-194-9
040 _aJO-AjNU
_bara
_erda
_cJO-AjNU
041 _aara
050 1 4 _aPJ6696.A85 2010
100 3 _aعتيق، عمر عبد الهادي,
_eauthor
_943321
245 0 0 _aظواهر أسلوبية في القرآن الكريم
250 _aط1
264 3 1 _aإربد: عالم الكتب الحديث، 2010
300 _a469ص
336 _atext
_btxt
_2rdacontent
337 _aunmediated
_bn
_2rdamedia
338 _avolume
_bnc
_2rdacarrier
650 4 _aالقرآن الكريم - بلاغة - ألفاظ
_943322
999 _aA18616
_c22184
_d22184